01013nam a2200253Ia 4500952010300000999001900103005001700122008004100139020001800180050002100198082002700219100004500246245010700291250001700398260003200415300001900447500002400466504002800490505012700518519004100645650003500686650003100721942000700752 00104070a01b01d2019-05-03l0o001.42 H434m 2006 v.2p01 014593r2019-05-03t1w2019-05-03yLB c104097d10409720231102152109.0120626s2006 mx r 000 0 spa d a9789707821422 4aQ180.3bH47 2006 4a001.422H434m 2006 v.21 aHerrera Vázquez, Marina Adrianaeautor10aMétodos de investigación 2b: Un enfoque dinámico y creativoc/ Marina Adriana Herrera Vázquez a2a edición3 aMéxicob: Esfingec, 2006 a143 páginas  aReimpresiones: 2008 aBibliografía (p. 143)2 aEl marco de la investigación Operacionalización de la hipótesis Estructura y formato del trabajo de investigación  aMaterial Complementariod(01 014593)14aINVESTIGACIÓN CIENTÍFICA 24aMETODOLOGÍA CIENTÍFICA cLB